Imagine Dragons - Discographie - Statistiques

Statistiques générales
  • Ce quiz a été pris 345 fois
  • Le résultat moyen est 46 sur 109
Statistiques - réponses
Album Partie Titres % Correct
Night Visions Radioactive
91%
Evolve Believer
88%
Night Visions Demons
86%
Origins Natural
80%
Mercury Act 2 Sharks
80%
Evolve Thunder
80%
Origins Birds
76%
Mercury Act 2 Bones
75%
Mercury Act 1 Enemy
75%
Loom Eyes Closed
74%
Evolve Whatever It Takes
74%
Smoke+Mirrors Warriors
71%
Loom Wake Up
70%
Origins Bad Liar
69%
Loom Take Me To The Beach
69%
Night Visions On Top Of The World
65%
Mercury Act 1 Wrecked
64%
Mercury Act 1 #1
61%
Mercury Act 1 Follow You
61%
Mercury Act 2 Waves
61%
Evolve Next To Me
60%
Smoke+Mirrors Shots
58%
Mercury Act 1 My Life
56%
Night Visions It's Time
55%
Loom Nice To Meet You
55%
Evolve Walking The Wire
55%
Origins Zero
53%
Night Visions Amsterdam
52%
Smoke+Mirrors I Bet My Life
52%
Loom In Your Corner
52%
Mercury Act 2 Symphony
52%
Loom Gods Don't Pray
50%
Mercury Act 1 Monday
50%
Loom Fire In These Hills
49%
Smoke+Mirrors Gold
49%
Smoke+Mirrors Smoke And Mirrors
49%
Smoke+Mirrors I'm So Sorry
48%
Mercury Act 1 Lonely
48%
Loom Don't Forget Me
47%
Loom Kid
47%
Smoke+Mirrors Monster
47%
Mercury Act 1 Cutthroat
45%
Origins Love
45%
Origins Machine
45%
Night Visions Tiptoe
45%
Origins Boomerang
43%
Mercury Act 1 Giants
43%
Mercury Act 1 Dull Knives
42%
Night Visions Bleeding Out
41%
Origins Bullet In A Gun
40%
Smoke+Mirrors Dream
40%
Mercury Act 2 Sirens
40%
Origins West Coast
40%
Mercury Act 1 No Time For Toxic People
39%
Mercury Act 1 One Day
39%
Evolve Rise Up
39%
Mercury Act 2 Crushed
38%
Evolve I Don't Know Why
37%
Smoke+Mirrors Who We Are
37%
Evolve Dancing In The Dark
36%
Night Visions Hear Me
36%
Smoke+Mirrors Polaroid
36%
Mercury Act 2 I Don't Like Myself
35%
Mercury Act 1 It's Ok
35%
Evolve Mouth Of The River
35%
Evolve Yesterday
35%
Origins Digital
34%
Smoke+Mirrors Friction
34%
Mercury Act 2 Higher Ground
34%
Night Visions Underdog
34%
Mercury Act 2 Blur
33%
Mercury Act 2 Ferris Wheel
32%
Night Visions Cha-Ching (Till We Grow Older)
31%
Mercury Act 1 Easy Come Easy Go
30%
Mercury Act 2 I'm Happy
30%
Smoke+Mirrors The Fall
30%
Origins Cool Out
29%
Mercury Act 2 Peace Of Mind
29%
Origins Stuck
29%
Mercury Act 2 Younger
29%
Origins Only
28%
Evolve Start Over
28%
Mercury Act 2 Take It Easy
28%
Night Visions Every Night
27%
Evolve I'll Make It Up To You
27%
Mercury Act 2 Tied
27%
Night Visions Selene
26%
Smoke+Mirrors Battle Cry
25%
Origins Burn Out
25%
Mercury Act 2 Continual
25%
Smoke+Mirrors It Comes Back To You
25%
Night Visions Nothing Left To Say
25%
Origins Real Life
25%
Smoke+Mirrors Summer
25%
Smoke+Mirrors Thief
25%
Night Visions Working Man
25%
Smoke+Mirrors Hopeless Opus
24%
Mercury Act 2 I Wish
24%
Mercury Act 2 They Don't Know You Like I Do
24%
Smoke+Mirrors Trouble
24%
Night Visions America
22%
Smoke+Mirrors Release
19%
Smoke+Mirrors Second Chances
19%
Night Visions The River
19%
Night Visions Round And Round
16%
Night Visions My Fault
13%
Smoke+Mirrors The Unknown
13%
Night Visions Cover Up
9%
Night Visions I Don't Mind
7%
Aucun quiz correspondant
Distribution des résultats
% des personnes avec chaque résultat
Percentile par nombre de réponses
Votre historique - résultats
Vous n’avez pas pris ce quiz